Dynasties and regimes changes - Portugal - Statistics

General Stats
  • This quiz has been taken 22 times
  • The average score is 5 of 7
Answer Stats
Dynasty/Regime Year % Correct
Third Republic 1974
95%
First Republic 1910
89%
National Dictatorship (Ditadura Nacional) 1926
84%
Estado Novo 1933
79%
Habsburg (Iberian Union) 1580
63%
Brigantine (Braganza) 1640
63%
Joanine (Aviz) 1385
47%
No matching quizzes found
Score Distribution
Percent of People with Each Score
Percentile by Number Answered
Your Score History
You have not taken this quiz